Madden 26 Top 100 Running Backs - Statistics

General Stats
  • This quiz has been taken 265 times
    39 since last reset
  • The average score is 60 of 100
Answer Stats
Hint Answer % Correct
FALCONS Bijan Robinson
100%
49ERS Brian Robinson Jr.
100%
49ERS Christian McCaffrey
100%
LIONS Jahmyr Gibbs
100%
BILLS James Cook
100%
COLTS Jonathan Taylor
100%
EAGLES Saquan Barkley
100%
JETS Breece Hall
96%
LIONS David Montgomery
96%
RAVENS Derrick Henry
96%
DOLPHINS De'Von Achane
96%
PACKERS Josh Jacobs
96%
SEAHAWKS Kenneth Walker III
96%
RAMS Kyren Williams
96%
BUCCANEERS Bucky Irving
92%
BEARS D'Andre Swift
92%
COWBOYS Javonte Williams
92%
TEXANS Joe Mixon
88%
JAGUARS Travis Etienne Jr.
88%
PATRIOTS TreVeyon Henderson
88%
PANTHERS Trevor Etienne
88%
VIKINGS Aaron Jones Sr.
85%
BENGALS Chase Brown
85%
PANTHERS Chuba Hubbard
85%
CARDINALS James Conner
85%
TEXANS Nick Chubb
85%
PANTHERS Rico Dowdle
85%
RAIDERS Ashton Jeanty
81%
BROWNS Quinshon Judkins
81%
TITANS Tony Pollard
81%
GIANTS Cam Skattebo
77%
CHIEFS Isiah Pacheco
77%
GIANTS Tyrone Tracy Jr.
77%
SAINTS Alvin Kamara
73%
STEELERS Jaylen Warren
73%
CHIEFS Kareem Hunt
73%
CHARGERS Najee Harris
73%
CHARGERS Omarion Hampton
73%
PATRIOTS Rhamondre Stevenson
73%
SEAHAWKS Zach Charbonnet
73%
BRONCOS J.K. Dobbins
69%
VIKINGS Jordan Mason
69%
BUCCANEERS Rachaad White
69%
TEXANS Woody Marks
69%
RAIDERS Zamir White
69%
COMMANDERS Jacory Croskey-Merritt
65%
STEELERS Kenneth Gainwell
65%
BRONCOS RJ Harvey
65%
FALCONS Tyler Allgeier
65%
RAMS Blake Corum
62%
RAVENS Justice Hill
62%
STEELERS Kaleb Johnson
62%
BEARS Roschon Johnson
62%
BILLS Ty Johnson
62%
CHIEFS Brashard Smith
54%
GIANTS Devin Singletary
54%
BROWNS Jerome Ford
54%
RAIDERS Raheem Mostert
54%
EAGLES Tank Bigsby
54%
COMMANDERS Austin Ekeler
50%
PATRIOTS Antonio Gibson
46%
PACKERS Emanuel Wilson
46%
CHARGERS Kimani Vidal
46%
BEARS Kyle Monangai
46%
COWBOYS Malik Davis
46%
BILLS Ray Davis
46%
TITANS Tyjae Spears
46%
JAGUARS Bhayshul Tuten
42%
JETS Braelon Allen
42%
SAINTS Kendre Miller
42%
JAGUARS LeQuint Allen
42%
DOLPHINS Ollie Gordon II
42%
BROWNS Dylan Sampson
38%
PANTHERS Jonathon Brooks
38%
BENGALS Tahj Brooks
38%
EAGLES A.J. Dillon
35%
COMMANDERS Chris Rodriguez Jr
35%
BENGALS Samaje Perine
35%
CARDINALS Trey Benson
35%
DOLPHINS Alexander Mattison
31%
SAINTS Devin Neal
31%
49ERS Jordan James
31%
RAVENS Keaton Mitchell
31%
COLTS Ameer Abdullah
27%
49ERS Isaac Guerendo
27%
DOLPHINS Jaylen Wright
27%
COWBOYS Miles Sanders
27%
BUCCANEERS Sean Tucker
27%
EAGLES Will Shipley
27%
CHIEFS Dameon Pierce
23%
COWBOYS Jaydon Blue
23%
COMMANDERS Jeremy McNichols
23%
CARDINALS Michael Carter
23%
VIKINGS Ty Chandler
23%
BRONCOS Jaleel McLaughlin
19%
TEXANS Jawhar Jordan
19%
RAMS Jarquez Hunter
15%
JETS Khalil Herbert
15%
PACKERS MarShawn Lloyd
12%
COMMANDERS Chase Edmonds
8%
No matching quizzes found
Score Distribution
Percent of People with Each Score
Percentile by Number Answered
Your Score History
You have not taken this quiz since the last reset